Interest rate spreads between Italy and Germany 1995-1997
Na minha lista:
| Autor principal: | |
|---|---|
| Outros Autores: | |
| Formato: | Livro |
| Idioma: | inglês |
| Publicado em: |
San Domenico (FI)
European University Institute
1999
|
| Colecção: | EUI Working paper ECO
No. 99/8 |
| Assuntos: | |
| Tags: |
Sem tags, seja o primeiro a adicionar uma tag!
|
MARC
| LEADER | 00000nam a2200000 4500 | ||
|---|---|---|---|
| 001 | c132960 | ||
| 005 | 20221108123834.5 | ||
| 041 | 0 | |a eng | |
| 044 | |a IT | ||
| 245 | 1 | 0 | |a Interest rate spreads between Italy and Germany 1995-1997 |c Marcello D'Amato and Barbara Pistoresi |
| 264 | 1 | |a San Domenico (FI) |b European University Institute |c 1999 | |
| 300 | |a 23 s. | ||
| 490 | 1 | |a EUI Working paper ECO |v No. 99/8 | |
| 830 | 0 | |a EUI Working paper ECO |v No. 99/8 | |
| 610 | 2 | 0 | |a kurz devízový |
| 610 | 2 | 0 | |a dlhopisy štátne |
| 610 | 2 | 0 | |a obligácie |
| 610 | 2 | 0 | |a Nemecko |
| 610 | 2 | 0 | |a Taliansko |
| 610 | 2 | 0 | |a 1995-1997 |
| 100 | 1 | |a D'Amato, Marcello | |
| 700 | 1 | |a Pistoresi, Barbara | |